Las 100 ciudades más grandes de Honduras en un mapa - Estadísticas

Estadísticas generales
  • Esta prueba ha sido intentada 20 veces
  • La puntuación promedio es 19 de 100
Respuestas en el mapa
Las respuestas están codificadas por una escala verde-roja en el mapa de la prueba según el % correcto abajo.
 
Estadísticas de respuestas
Población Ciudad % Correcto
996.658 Tegucigalpa
100%
598.519 San Pedro Sula
80%
176.212 La Ceiba
60%
92.883 Comayagua
53%
12.358 Coxen Hole
53%
5.186 | 24.384 El Paraíso
47%
114.934 El Progreso
47%
8.124 La Esperanza
47%
35.265 Olanchito
47%
33.797 Tela
47%
64.976 Danlí
40%
12.697 Gracias
40%
19.618 Intibucá
40%
24.617 La Paz
40%
49.377 Tocoa
40%
6.786 Valle de Ángeles
40%
21.052 Yoro
40%
51.605 Catacamas
33%
86.179 Choluteca
33%
56.302 Juticalpa
33%
59.676 Puerto Cortés
33%
14.398 Puerto Lempira
33%
24.230 Santa Bárbara
33%
48.485 Santa Rosa de Copán
33%
60.910 Siguatepeque
33%
16.486 Trujillo
33%
163.818 Choloma
27%
8.043 Copán Ruinas
27%
62.903 La Lima
27%
17.024 Nacaome
27%
5.215 San José de Colinas
27%
29.692 San Lorenzo
27%
62.711 Villanueva
27%
5.202 | 5.610 El Porvenir
20%
21.272 La Entrada
20%
7.020 Omoa
20%
6.270 Quimistán
20%
14.777 Sabá
20%
6.776 Santa Ana
20%
18.057 Talanga
20%
5.429 Taulabé
20%
7.788 Azacualpa
13%
9.081 Bonito Oriental
13%
38.780 Cofradía
13%
11.427 El Negrito
13%
8.146 El Triunfo
13%
9.473 Las Vegas
13%
12.526 Marcala
13%
6.588 Marcovia
13%
14.902 Morazán
13%
11.843 Nueva Ocotepeque
13%
18.097 Potrerillos
13%
5.509 San Antonio de Cortés
13%
5.857 San Luis
13%
5.660 | 6.836 San Marcos
13%
14.450 Santa Cruz de Yojoa
13%
14.552 Santa Rita
13%
13.281 Sonaguera
13%
6.282 Villa de San Antonio
13%
5.779 Arizona
7%
6.384 Florida
7%
16.947 Guaimaca
7%
9.248 Jesús de Otoro
7%
6.584 La Libertad
7%
5.975 La Masica
7%
8.934 Las Lajas
7%
11.706 Pimienta
7%
5.135 San Esteban
7%
6.292 San Francisco de la Paz
7%
8.691 San Manuel
7%
10.637 San Marcos de Colón
7%
5.564 Trinidad
7%
8.463 Agua Blanca Sur
0%
5.687 Ajuterique
0%
10.344 Baracoa
0%
6.458 Campamento
0%
20.853 Campo Dos Caminos
0%
6.221 Ciudad España
0%
6.728 Corquín
0%
5.756 Cuyamel
0%
5.247 El Marañón
0%
12.206 El Milagro
0%
6.304 El Pino
0%
7.765 La Jutosa
0%
8.224 Mezapa
0%
7.706 Monjarás
0%
7.356 Nueva Choluteca
0%
8.931 Nuevo Chamelecón
0%
6.478 Pinalejo
0%
6.867 Río Lindo
0%
5.211 San Juan de Flores
0%
8.983 San Juan Pueblo
0%
6.416 Teupasenti
0%
9.035 Trojes
0%
5.802 Urraco Pueblo
0%
8.099 Villa de San Francisco
0%
5.532 Zambrano
0%
No se encontraron pruebas coincidentes
Distribución de puntuación
Porcentaje de gente con cada puntuación
Porcentaje por número respondido
Historial de tus puntuaciones
No has intentado esta prueba.